Untapped : (Record no. 11190)
[ view plain ]
| 000 -LEADER | |
|---|---|
| fixed length control field | 01350cam a2200313 a 4500 |
| 001 - CONTROL NUMBER | |
| control field | 14555472 |
| 005 - DATE AND TIME OF LATEST TRANSACTION | |
| control field | 20070328160754.0 |
| 008 - FIXED-LENGTH DATA ELEMENTS--GENERAL INFORMATION | |
| fixed length control field | 060916s2007 flu b 001 0 eng |
| 010 ## - LIBRARY OF CONGRESS CONTROL NUMBER | |
| LC control number | 2006030387 |
| 020 ## - INTERNATIONAL STANDARD BOOK NUMBER | |
| International Standard Book Number | 9780151011384 |
| 040 ## - CATALOGING SOURCE | |
| Original cataloging agency | DLC |
| Transcribing agency | DLC |
| Modifying agency | DLC |
| 043 ## - GEOGRAPHIC AREA CODE | |
| Geographic area code | f------ |
| 050 00 - LIBRARY OF CONGRESS CALL NUMBER | |
| Classification number | HD9577.A2 |
| Item number | G43 2007 |
| 082 00 - DEWEY DECIMAL CLASSIFICATION NUMBER | |
| Classification number | 333.8232096 |
| Edition number | 22 |
| Item number | GHA |
| 100 1# - MAIN ENTRY--PERSONAL NAME | |
| Personal name | Ghazvinian, John H. |
| Fuller form of name | (John Hossein), |
| Dates associated with a name | 1974- |
| 9 (RLIN) | 3170 |
| 245 10 - TITLE STATEMENT | |
| Title | Untapped : |
| Remainder of title | the scramble for Africa's oil / |
| Statement of responsibility, etc | John Ghazvinian. |
| 250 ## - EDITION STATEMENT | |
| Edition statement | 1st ed. |
| 260 ## - PUBLICATION, DISTRIBUTION, ETC. (IMPRINT) | |
| Place of publication, distribution, etc | Orlando : |
| Name of publisher, distributor, etc | Harcourt, |
| Date of publication, distribution, etc | c2007. |
| 300 ## - PHYSICAL DESCRIPTION | |
| Extent | xv, 324 p. ; |
| Dimensions | 24 cm. |
| 500 ## - GENERAL NOTE | |
| General note | Maps on lining papers. |
| 504 ## - BIBLIOGRAPHY, ETC. NOTE | |
| Bibliography, etc | Includes bibliographical references and index. |
| 505 0# - FORMATTED CONTENTS NOTE | |
| Formatted contents note | The onshore effect -- The offshore illusion -- "A country in Africa" -- Instant emirates -- Paradise found? -- The place where people wait -- The Chinese are coming! . . . but who isn't? |
| 650 #0 - SUBJECT ADDED ENTRY--TOPICAL TERM | |
| Topical term or geographic name as entry element | Petroleum industry and trade |
| Geographic subdivision | Africa. |
| 9 (RLIN) | 3171 |
| 650 #0 - SUBJECT ADDED ENTRY--TOPICAL TERM | |
| Topical term or geographic name as entry element | Petroleum |
| Geographic subdivision | Africa. |
| 9 (RLIN) | 3172 |
| 856 41 - ELECTRONIC LOCATION AND ACCESS | |
| Materials specified | Table of contents only |
| Uniform Resource Identifier | <a href="http://www.loc.gov/catdir/toc/ecip071/2006030387.html">http://www.loc.gov/catdir/toc/ecip071/2006030387.html</a> |
| 942 ## - ADDED ENTRY ELEMENTS (KOHA) | |
| Source of classification or shelving scheme | Dewey Decimal Classification |
| Item type | Book - Borrowing |
| Withdrawn status | Item status | Source of classification or shelving scheme | Damaged status | Not for loan | Vendor | Home library | Current library | Shelving location | Date acquired | Source of acquisition | Cost, normal purchase price | Serial Enumeration / chronology | Total Checkouts | Full call number | Barcode | Date last seen | Koha item type |
|---|---|---|---|---|---|---|---|---|---|---|---|---|---|---|---|---|---|
| Dewey Decimal Classification | Baccah | Central Library | Central Library | First floor | 05/04/2009 | 120.00 | 7387 | 333.8232096 GHA | 000015849 | 15/07/2025 | Book - Borrowing |